000 00697nam a2200217 u 4500
005 20250109063751.0
008 100205s2000 ve r 000 0 spa d
020 _a9802511277
035 _aUPN01000174459
049 _aCG
050 4 _aLA541
_bV3.2
100 1 _aVasconi, Tomás Amadeo
245 1 0 _aContra la escuela :
_blucha de clases y aparatos educativos en el desarrollo de América Latina /
_cT. A. Vasconi.
260 _aCaracas :
_bLaboratorio Educativo,
_c[200-?].
300 _a157 p. :
_bcuadros
440 0 _aCuadernos de educación ;
_v157
650 4 _aEducación
_zAmérica Latina
_99694
650 4 _aComunismo y educación
_910295
905 _aLibro
999 _c146563
_d146563